00580nam a22002057a 450000500170000001000130001702000220003003500130005203700160006504000120008108200160009310000260010924500650013526000460020027000480024630000200029465000240031465000190033870000170035720170124110039.0 aA-825799 c00.00a0521479037 aA-825799 bCen Lib/Ret aDPLbEN a822.33bSHA aShakespeare, William  aThe tempest /cby William Shakespeare: edited by Rex Gibson  aNew York bUniversity of Cambridge c1995 bNew York a40 west 20th street e10011-4211 a172p.c21cm(Hb) aEnglish literature  aEnglish Drama  aGibson, Rex